000 00637nam a22002057a 4500
005 20251108170455.0
008 250721s9999 xx 000 0 ara d
082 1 4 _aط/ق/شيب
100 1 _aشيبوب، ادفيك جريديني
_eمؤلف
245 1 0 _aالمهر الخشبي /
264 1 _aبيروت :
_bمؤسسة نوفل،
_c[19-].
300 _a23ص.
490 0 _aسلسلة مع الطبيعة
650 1 7 _aالأدب العربي
650 1 7 _aالقصص العربية
650 1 7 _aأدب الأطفال
653 _aاطفال مرحلة متوسطة (6-9) سنوات
942 _2ddc
_cBK
999 _c41352
_d41352